00517cam a2200181ua 45000010005000000080039000050400009000440410012000530820012000651000028000772450013001052600044001183000016001626530025001789420007002039990015002109520110002256361060101n1994 II |||gr||||Z||||||eng aMAIN aEnglish a576 STR aSTRICKBERGER, MONRUE W. aGENETICS aNEW DELHIbPRENTICE HALL OF INDIAc1994 a842:c25CM. aGenetics & evolution cBK c6346d6346 001040708TBZOOaMAINbMAINcZO#d1997-02-05o576 STRp14304r2020-02-27 00:00:00t1w2020-02-27yBKzV